[Event "It (open)"]
[Site "Mar del Plata (Argentina)"]
[Round "0"]
[White "Tempone Marcelo (ARG)"]
[Black "Corsi Ferrari A (ARG)"]
[Result "1-0"]
[WhiteElo "2435"]
[BlackElo "2215"]

1.d4 Nf6 2.Nf3 g6 3.g3 d5 4.Bg2 Bg7 5.O-O O-O 6.c4 c6 7.cxd5 cxd5 8.Ne5 Nfd7
9.f4 Nxe5 10.fxe5 f6 11.exf6 Rxf6 12.Bf4 Rb6 13.Nc3 Be6 14.Qd2 Na6 15.Bh6 Rb4
16.Bxg7 Kxg7 17.Rf4 Bg8 18.Raf1 Nc7 19.Rh4 Qd6 20.Qh6+ Kh8 21.Rf7 {#r} 1-0

[Event "Ch Moscow (open)"]
[Site "Moscow (Russia)"]
[Round "11"]
[White "Krasnov S (RUS)"]
[Black "Afanasiev Vadim (RUS)"]
[Result "0-1"]
[WhiteElo "2345"]
[BlackElo "2297"]

1.d4 d5 2.c4 c6 3.Nf3 Nf6 4.Nc3 g6 5.cxd5 cxd5 6.g3 Bg7 7.Bg2 O-O 8.O-O Nc6
9.Ne5 e6 10.f4 Qb6 11.Kh1 Nd7 12.e3 Rd8 13.b3 f6 14.Nd3 Bf8 15.f5 gxf5 16.g4
Ne7 17.Ba3 fxg4 18.Qxg4+ Ng6 19.Nf4 Bxa3 20.Nxg6 hxg6 21.Qxg6+ Kf8 22.e4 Qc6
23.exd5 Qxc3 24.dxe6 Ke7 25.Qf7+ Kd6 {#R} 0-1

[Event "Ch Moscow (open)"]
[Site "Moscow (Russia)"]
[Round "3"]
[White "Loginov Anton (RUS)"]
[Black "Umanskaya Irina (RUS)"]
[Result "0-1"]
[WhiteElo "2187"]
[BlackElo "2300"]

1.d4 Nf6 2.g3 g6 3.Bg2 d5 4.Nf3 Bg7 5.c4 c6 6.cxd5 cxd5 7.Ne5 O-O 8.O-O Nc6
9.Nc3 Bf5 10.Bf4 Ne4 11.Nxc6 bxc6 12.Nxe4 Bxe4 13.Bxe4 dxe4 14.Be3 Rb8 15.b3
Rb4 16.Rc1 Bxd4 17.Rxc6 Bxe3 18.fxe3 Qa5 19.Qc2 Qg5 20.Qc5 Rb5 21.Qxg5 Rxg5
22.Ra6 Rc5 23.Rd1 Rc7 24.Rd4 f5 25.Kf2 Ra8 26.Rda4 Rb7 27.g4 fxg4 28.Rxe4 Rb5
29.Rxg4 {#R} 0-1

[Event "It (open)"]
[Site "Muenster (Germany)"]
[Round "5"]
[White "Chuchelov Vladimir (BEL)"]
[Black "Weidemann Christian (GER)"]
[Result "1-0"]
[WhiteElo "2550"]
[BlackElo "2295"]

1.Nf3 Nf6 2.c4 c6 3.g3 g6 4.Bg2 Bg7 5.d4 O-O 6.O-O d5 7.cxd5 cxd5 8.Ne5 e6
9.Nc3 Nfd7 10.f4 Nc6 11.Be3 f6 12.Nd3 Nb6 13.Bf2 Nc4 14.Rc1 f5 15.Ne5 Nxb2
16.Qb3 Nc4 17.Nxc4 dxc4 18.Qxc4 Bxd4 19.Bxd4 Qxd4+ 20.Qxd4 Nxd4 21.Rfd1 Nc6
22.Nb5 a6 23.Nd6 Rd8 24.Nc4 Bd7 25.Nb6 Be8 26.Nxa8 Rxa8 27.Rb1 Ra7 28.Rb6 {#r}
1-0

[Event "Ch Poland (juniors) (under 18)"]
[Site "Olkusz (Poland)"]
[Round "0"]
[White "Gmaj Krzysztof (POL)"]
[Black "Kawecki Marcin (POL)"]
[Result "1-0"]
[WhiteElo "2129"]
[BlackElo "2168"]

1.d4 d5 2.Nf3 Nf6 3.g3 g6 4.Bg2 Bg7 5.O-O O-O 6.c4 c6 7.cxd5 cxd5 8.Ne5 Bf5
9.Qb3 b6 10.Nc3 e6 11.h3 h5 12.Bg5 Nbd7 13.g4 hxg4 14.hxg4 Qe8 15.gxf5 exf5
16.f4 Ne4 17.Nxd7 Qxd7 18.Nxe4 fxe4 19.e3 f6 20.Bh4 Kh7 21.Kf2 Rac8 22.Rac1
Rh8 23.Bg3 Rhg8 24.Rg1 Rxc1 25.Rxc1 Bf8 26.Qc2 Be7 27.Qc6 Qd8 28.Bh3 f5 29.Qc7
Qf8 30.Bh4 {#r} 1-0

[Event "It (open)"]
[Site "Sarospatak (Hungary)"]
[Round "0"]
[White "Siger Csaba (HUN)"]
[Black "Isepy Jozsef (HUN)"]
[Result "0-1"]
[WhiteElo "2127"]
[BlackElo "2176"]

1.d4 Nf6 2.c4 g6 3.g3 Bg7 4.Bg2 O-O 5.Nf3 c6 6.O-O d5 7.cxd5 cxd5 8.Nc3 Nc6
9.Ne5 e6 10.Bg5 h6 11.Bf4 Nh5 12.Nxc6 bxc6 13.Rc1 Nxf4 14.gxf4 Qh4 15.e3 g5
16.Ne2 Ba6 17.fxg5 hxg5 18.Rxc6 Bb5 19.Rc7 Rfc8 20.Rxc8+ Rxc8 21.Re1 Bf8
22.Nc3 Bc4 23.b3 Ba6 24.Qa1 Bd6 25.h3 g4 26.hxg4 Qh2# 0-1

[Event "Ch Catalunia (juniors) (under 18)"]
[Site "Tarrega (Spain)"]
[Round "0"]
[White "Zurano Lopez Pedro (ESP)"]
[Black "Mingo Fernandez Matias (ESP)"]
[Result "1-0"]
[WhiteElo "2305"]
[BlackElo "2203"]

1.d4 Nf6 2.c4 g6 3.Nf3 Bg7 4.g3 c6 5.Bg2 d5 6.cxd5 cxd5 7.Nc3 Nc6 8.O-O Ne4
9.Qb3 Nxc3 10.bxc3 O-O 11.Ne1 e6 12.Nd3 Na5 13.Qb4 Nc4 14.e4 a5 15.Qb3 Ra6
16.Nc5 Rb6 17.Qc2 Re8 18.Qe2 Rc6 19.Nd3 f5 20.exd5 Rc7 21.Nc5 b5 22.dxe6 Rxc5
23.dxc5 Rxe6 24.Rd1 {#r} 1-0

[Event "Ch Yugoslavia (team)"]
[Site "Tivat (Yugoslavia)"]
[Round "5"]
[White "Ilincic Zlatko (SRB)"]
[Black "Dragojlovic Andjelko (SRB)"]
[Result "1-0"]
[WhiteElo "2555"]
[BlackElo "2385"]

1.d4 Nf6 2.c4 g6 3.g3 c6 4.Bg2 d5 5.cxd5 cxd5 6.Nf3 Bg7 7.Nc3 O-O 8.O-O Ne4
9.Nxe4 dxe4 10.Ne5 Qb6 11.e3 f6 12.Nc4 Qa6 13.b3 f5 14.Bb2 Rd8 15.f3 exf3
16.Qxf3 Nc6 17.g4 e6 18.Kh1 Rb8 19.gxf5 exf5 20.d5 Na5 21.Bxg7 Nxc4 22.Bc3 Nd6
23.Qf4 b5 24.Qe5 {#r} 1-0

[Event "Ch Yugoslavia (team)"]
[Site "Tivat (Yugoslavia)"]
[Round "7"]
[White "Milanovic Vojislav (SRB)"]
[Black "Dragojlovic Andjelko (SRB)"]
[Result "0-1"]
[WhiteElo "2375"]
[BlackElo "2385"]

1.Nf3 g6 2.c4 Bg7 3.d4 Nf6 4.g3 O-O 5.Bg2 c6 6.O-O d5 7.cxd5 cxd5 8.Nc3 Ne4
9.Nxe4 dxe4 10.Ne5 Qb6 11.b3 Rd8 12.Nc4 Qa6 13.e3 e5 14.d5 b5 15.Nb2 f5 16.f3
exf3 17.Qxf3 e4 18.Qf4 Nd7 19.g4 Nf6 20.gxf5 Bxf5 21.Qh4 Rac8 22.a4 Rxd5
23.Rb1 Rc2 24.Qf4 Qc8 25.axb5 Rxg2+ 26.Kxg2 Bh3+ {#R} 0-1

[Event "It (open)"]
[Site "Tivat (Yugoslavia)"]
[Round "7"]
[White "Abramovic Bosko (SRB)"]
[Black "Benderac Ana (SRB)"]
[Result "1-0"]
[WhiteElo "2480"]
[BlackElo "2135"]

1.d4 Nf6 2.Nf3 g6 3.g3 Bg7 4.Bg2 d5 5.O-O O-O 6.c4 c6 7.cxd5 cxd5 8.Nc3 b6
9.Ne5 Bb7 10.Qa4 e6 11.Bg5 a6 12.Rfd1 b5 13.Qb3 Nc6 14.e4 h6 15.Bxf6 Bxf6
16.Nxc6 Bxc6 17.exd5 exd5 18.Bxd5 Bxd5 19.Nxd5 Ra7 20.Nb4 Bxd4 21.Nc6 Bxf2+
22.Kxf2 Qb6+ 23.Qe3 {#r} 1-0

[Event "It (open) (w)"]
[Site "Yalta (Ukraine)"]
[Round "0"]
[White "Fatalibekova Elena (RUS)"]
[Black "Struchkova Svetlana (UKR)"]
[Result "1-0"]
[WhiteElo "2225"]
[BlackElo "2250"]

1.Nf3 Nf6 2.c4 g6 3.d4 Bg7 4.Nc3 d5 5.g3 c6 6.cxd5 cxd5 7.Bg2 O-O 8.Ne5 Nc6
9.Nxc6 bxc6 10.O-O Bf5 11.Na4 Nd7 12.Be3 Qa5 13.Rc1 Qb5 14.h3 h5 15.b3 Rfe8
16.Qd2 a5 17.Nc5 Qb4 18.Rfd1 e5 19.Nxd7 Bxd7 20.dxe5 Bxe5 21.Bc5 Qxd2 22.Rxd2
f5 23.f4 Bf6 24.h4 Bc8 25.Kf2 a4 26.b4 Ba6 27.e3 Kf7 28.Bd4 Re6 29.Rxc6 {#r}
1-0

[Event "Ch Europe (juniors) (under 20) (g)"]
[Site "Zanka (Hungary)"]
[Round "2"]
[White "Kononenko Tatiana (UKR)"]
[Black "Segal Anna (ISR)"]
[Result "0-1"]
[WhiteElo "2240"]
[BlackElo "2335"]

1.Nf3 Nf6 2.c4 g6 3.g3 Bg7 4.Bg2 c6 5.Nc3 d5 6.cxd5 cxd5 7.d4 O-O 8.O-O Nc6
9.Bf4 Ne4 10.Rc1 Nxc3 11.Rxc3 Qb6 12.Rb3 Qa5 13.a3 Qa6 14.Ne5 Na5 15.Rc3 Be6
16.Nd3 Rac8 17.Nc5 Qb6 18.b3 Qb5 19.a4 Qb6 20.Qd3 Bf5 21.Qe3 Qb4 22.Rd1 b6
23.Bxd5 bxc5 24.Rxc5 Rxc5 25.dxc5 e6 26.Bf3 Nxb3 27.c6 Bd4 {#R} 0-1

[Event "It (open) (b)"]
[Site "Augustow (Poland)"]
[Round "0"]
[White "Pawlus Grzegorz (POL)"]
[Black "Zaskalski Arkadiusz (POL)"]
[Result "0-1"]
[WhiteElo "2004"]
[BlackElo "2238"]

1.d4 Nf6 2.Nf3 g6 3.g3 Bg7 4.Bg2 c5 5.c3 cxd4 6.cxd4 O-O 7.Nc3 d5 8.O-O Nc6
9.a3 Ne4 10.e3 Nxc3 11.bxc3 Na5 12.Nd2 Bf5 13.e4 dxe4 14.Nxe4 Rc8 15.Bd2 Nc4
16.g4 Be6 17.Nc5 Rxc5 18.dxc5 Nxd2 19.Re1 Nb3 20.Qxd8 Rxd8 21.Rad1 Rxd1
22.Rxd1 Bxc3 23.Bxb7 Nxc5 24.Bd5 Bxg4 25.Rc1 Bd4 26.Rc4 e5 27.Kg2 Kg7 28.Rb4
Nd3 29.Rb5 Nf4+ 30.Kg3 Be2 31.Ra5 {#R} 0-1

[Event "It (open)"]
[Site "Balatonalmadi (Hungary)"]
[Round "9"]
[White "Kaukal Terezia (HUN)"]
[Black "Pal Peter (SVK)"]
[Result "0-1"]
[WhiteElo "2150"]
[BlackElo "2260"]

1.d4 d5 2.c4 c6 3.cxd5 cxd5 4.Nf3 Nf6 5.Nc3 g6 6.g3 Bg7 7.Bg2 O-O 8.O-O Nc6
9.Bf4 Ne4 10.Qb3 e6 11.Rfd1 f5 12.Ne5 Nxd4 13.Rxd4 g5 14.Rdd1 gxf4 15.gxf4 Qh4
16.Nxe4 fxe4 17.e3 Bxe5 18.fxe5 Rb8 19.Qb4 Bd7 20.Qd6 Rbd8 21.Rf1 Kh8 22.f4
exf3 23.Rxf3 Rxf3 24.Bxf3 Rg8+ 25.Kh1 Qf2 26.Bxd5 exd5 27.Qxd5 Bc6 {#R} 0-1

[Event "Tournament"]
[Site "Barcelona (Spain)"]
[Round "0"]
[White "Hernando Rodrigo Julio A (ESP)"]
[Black "Palacios Perez Manuel (ESP)"]
[Result "1-0"]
[WhiteElo "2185"]
[BlackElo "2192"]

1.d4 Nf6 2.g3 g6 3.Bg2 d5 4.Nf3 Bg7 5.O-O O-O 6.c4 c6 7.cxd5 cxd5 8.Nc3 e6
9.Bf4 Nc6 10.Ne5 Bd7 11.Nxc6 Bxc6 12.Be5 Qe7 13.a3 Rfd8 14.Qd3 Rac8 15.Rfc1
Bh6 16.Bxf6 Qxf6 17.e3 Qe7 18.b4 Bf8 19.Rc2 a6 20.Rac1 {#r} 1-0

[Event "It (cat.16)"]
[Site "Belgrade (Yugoslavia)"]
[Round "1"]
[White "Ilincic Zlatko (SRB)"]
[Black "Leko Peter (HUN)"]
[Result "0-1"]
[WhiteElo "2520"]
[BlackElo "2630"]

1.d4 Nf6 2.c4 g6 3.g3 c6 4.Bg2 d5 5.cxd5 cxd5 6.Nf3 Bg7 7.O-O O-O 8.Nc3 e6
9.Ne5 Nfd7 10.f4 Nc6 11.Be3 f6 12.Nd3 Nb6 13.Bf2 f5 14.Nc5 Bd7 15.a4 a5 16.Qb3
{#R} 0-1

[Event "It (open) \"]
[Site "Berlin (Germany)"]
[Round "0"]
[White "Espig Lutz (GER)"]
[Black "Voigt Ulrich (GER)"]
[Result "1-0"]
[WhiteElo "2395"]
[BlackElo "2210"]

1.Nf3 Nf6 2.c4 g6 3.d4 Bg7 4.g3 O-O 5.Bg2 c6 6.Nc3 d5 7.cxd5 cxd5 8.O-O Ne4
9.Nxe4 dxe4 10.Ne5 Qd5 11.Be3 Rd8 12.Qc2 f5 13.f3 exf3 14.Bxf3 Qe6 15.Qc7 Qd6
16.Rac1 Nc6 17.Qxd6 Rxd6 18.Nxc6 bxc6 19.Rxc6 Rxc6 20.Bxc6 Rb8 21.b3 Bb7 22.d5
Bxc6 23.dxc6 Rc8 24.Rc1 a6 25.a4 Kf7 26.b4 Ke6 27.b5 axb5 28.axb5 Kd5 29.c7
Be5 30.Rc5+ Ke4 31.Rxe5+ Kxe5 32.b6 Kd6 33.b7 {#r} 1-0

[Event "It (cat.3)"]
[Site "Budapest (Hungary)"]
[Round "13"]
[White "Kahn Evarth Dr (HUN)"]
[Black "Kolus Lajos (HUN)"]
[Result "1-0"]
[WhiteElo "2380"]
[BlackElo "2217"]

1.Nf3 Nf6 2.g3 g6 3.Bg2 Bg7 4.O-O O-O 5.d4 d5 6.c4 c6 7.cxd5 cxd5 8.Nc3 Nc6
9.Ne5 Nd7 10.f4 e6 {#r} 1-0

[Event "Ch Catalunia (team)"]
[Site "Catalunia (Spain)"]
[Round "0"]
[White "Beltran Rueda Santiago (ESP)"]
[Black "Moles Palleja Pere (ESP)"]
[Result "1-0"]
[WhiteElo "2340"]
[BlackElo "2158"]

1.Nf3 d5 2.g3 g6 3.Bg2 Bg7 4.O-O Nf6 5.c4 c6 6.d4 O-O 7.cxd5 cxd5 8.Nc3 Nc6
9.Ne5 Nd7 10.Nxd5 Ndxe5 11.dxe5 Nxe5 12.Bg5 Nc6 13.Nxe7+ Nxe7 14.Qxd8 Rxd8
15.Bxe7 Re8 16.Ba3 Rxe2 17.Rae1 Rxe1 18.Rxe1 Be6 19.b3 Rd8 20.Bxb7 Rd2 21.Bc5
Rxa2 22.Rd1 Bf6 23.b4 a6 24.Rd6 Bh3 25.Rxa6 Rb2 26.Ra8+ Kg7 27.Bf8+ {#r} 1-0

[Event "Memorial A.Alekhine"]
[Site "corr."]
[Round "0"]
[White "Godes Dmitry R (RUS)"]
[Black "Omelchenko Lev (RUS)"]
[Result "0-1"]
[WhiteElo "2380"]
[BlackElo "2176"]

1.Nf3 g6 2.c4 Bg7 3.g3 Nf6 4.Bg2 O-O 5.O-O c6 6.d4 d5 7.cxd5 cxd5 8.Ne5 Bf5
9.e3 Be4 10.f3 Bxb1 11.Rxb1 e6 12.b3 Nfd7 13.Nd3 Nc6 14.Bb2 Rc8 15.Qd2 Bh6
16.Rbc1 Qa5 17.Bc3 Qb6 18.f4 f5 19.b4 Qb5 20.Nb2 Nb6 21.Rfe1 Nd8 22.Bf1 Qd7
23.Nd3 Nf7 24.Nc5 Qe7 25.b5 Nd6 26.Bb4 Nbc4 27.Qd1 Rfd8 28.Qb3 b6 29.Nd3 Qd7
{#R} 0-1

[Event "Ch France (team) (juniors) (under 18)"]
[Site "France"]
[Round "0"]
[White "Boutroy Alexis (FRA)"]
[Black "Vallin Guillaume (FRA)"]
[Result "0-1"]
[WhiteElo "2210"]
[BlackElo "2426"]

1.Nf3 g6 2.g3 Bg7 3.d4 d5 4.c4 c6 5.cxd5 cxd5 6.Nc3 Nf6 7.Bg2 Nc6 8.O-O O-O
9.Ne5 Nd7 10.Nxc6 bxc6 11.Na4 Ba6 12.Bf4 Qa5 13.Rc1 Bxe2 14.Qxe2 Qxa4 15.Qxe7
Nb6 16.Be5 Rfe8 17.Qc5 Bxe5 18.dxe5 Qxa2 19.Qxc6 Qxb2 20.Bxd5 Nxd5 21.Qxd5
Qxe5 22.Rc5 Qxd5 23.Rxd5 Red8 24.Ra5 a6 25.h4 Kf8 26.Kg2 Re8 27.Rfa1 Re6
28.Rc5 Ra7 29.h5 Kg7 30.Rca5 {#R} 0-1

[Event "It (open)"]
[Site "Fuzesabony (Hungary)"]
[Round "9"]
[White "Deak Sandor (HUN)"]
[Black "Hevesi Zoltan (HUN)"]
[Result "1-0"]
[WhiteElo "2325"]
[BlackElo "2074"]

1.d4 Nf6 2.c4 g6 3.g3 c6 4.Nf3 Bg7 5.Nc3 d5 6.cxd5 cxd5 7.Ne5 O-O 8.Bg2 Nc6
9.O-O e6 10.Nxc6 bxc6 11.Na4 Nd7 12.Bf4 e5 13.dxe5 Nxe5 14.Rc1 Bd7 15.b3 Qe7
16.Nc5 Rac8 17.h3 Rfe8 18.Be3 h6 19.Bd4 Bf5 20.Re1 Red8 21.Qd2 f6 22.Qc3 Be6
23.f4 Nd7 24.Nxe6 Qxe6 25.e4 Qf7 26.exd5 cxd5 27.Qa5 {#r} 1-0

[Event "It (cat.7)"]
[Site "Gausdal (Norway)"]
[Round "6"]
[White "Madsen Dag (NOR)"]
[Black "Moberg Karl Johan (SWE)"]
[Result "1-0"]
[WhiteElo "2325"]
[BlackElo "2390"]

1.d4 Nf6 2.c4 g6 3.g3 c6 4.Bg2 d5 5.cxd5 cxd5 6.Nf3 Bg7 7.Nc3 O-O 8.Ne5 e6
9.O-O Nfd7 10.f4 f6 11.Nd3 Nc6 12.e3 Nb6 13.b3 Bd7 14.Ba3 Rf7 15.Rc1 f5 16.Bd6
Nc8 17.Be5 Nxe5 18.fxe5 a6 19.Rc2 Ne7 20.Qd2 Nc6 21.Nc5 Bc8 22.Ne2 Bh6 23.Nf4
Bxf4 24.Rxf4 a5 25.a3 Re7 26.Rf1 b6 27.Ne4 dxe4 28.Rxc6 Raa7 29.Rfc1 Rac7
30.Bf1 Bb7 31.Rd6 Rxc1 32.Rxd8+ {#r} 1-0

[Event "Bayern Oberliga"]
[Site "Germany"]
[Round "1"]
[White "Mandl Robert (GER)"]
[Black "Gruenberg Hans-Ulrich (GER)"]
[Result "0-1"]
[WhiteElo "2410"]
[BlackElo "2440"]

1.Nf3 Nf6 2.c4 g6 3.g3 c6 4.Bg2 Bg7 5.O-O O-O 6.Nc3 d5 7.cxd5 cxd5 8.d4 Nc6
9.Ne5 Qb6 10.Na4 Qb5 11.Bg5 Nxe5 12.dxe5 Ne4 13.Bxe7 Re8 14.Ba3 Rxe5 15.Rc1
Bf5 16.e3 Rd8 17.Re1 Ree8 18.Bc5 Rc8 19.Bf1 Qd7 20.f3 Ng5 21.h4 Nxf3+ 22.Qxf3
Qxa4 23.b3 Qxa2 24.Qxd5 Be4 25.Qd1 b6 26.Re2 Qa5 27.Bd4 Bf3 28.Rxc8 Rxc8
29.Bxg7 Bxe2 30.Bxe2 Kxg7 31.Qd4+ Kg8 32.Bc4 Qf5 33.Kg2 Re8 34.g4 Qe4+ {#R}
0-1

[Event "Bayern Oberliga"]
[Site "Germany"]
[Round "4"]
[White "Reinhart Harald"]
[Black "Riefner Edwin (GER)"]
[Result "1-0"]
[WhiteElo "2070"]
[BlackElo "2251"]

1.d4 Nf6 2.Nf3 g6 3.g3 Bg7 4.Bg2 O-O 5.c4 d5 6.O-O c6 7.cxd5 cxd5 8.Ne5 Ng4
9.Nxg4 Bxg4 10.Nc3 Nc6 11.h3 Bd7 12.Be3 e6 13.Qd2 Na5 14.b3 Qb6 15.Rfd1 Rfc8
16.Rac1 Bf8 17.Bg5 Qb4 18.e4 dxe4 19.Nxe4 Qxd2 20.Bxd2 Nc6 21.Nf6+ Kg7 22.Nxd7
Nxd4 23.Rxc8 Rxc8 24.Nxf8 {#r} 1-0

[Event "Bayern Regionalliga Northwest"]
[Site "Germany"]
[Round "3"]
[White "Stauch Frank"]
[Black "Mueller Jens (GER)"]
[Result "0-1"]
[WhiteElo "2065"]
[BlackElo "2031"]

1.d4 g6 2.g3 Bg7 3.Bg2 d5 4.Nf3 Nf6 5.c4 c6 6.cxd5 cxd5 7.Nc3 O-O 8.O-O Nc6
9.Ne5 e6 10.Bf4 Nh5 11.Rc1 Nxe5 12.dxe5 Nxf4 13.gxf4 Qh4 14.e3 g5 15.fxg5 Bxe5
16.f4 Bg7 17.Rf3 Qh5 18.Ne2 f6 19.gxf6 Rxf6 20.Rc7 Qe8 21.Rg3 Rf7 22.Qc2 Rxc7
23.Qxc7 Qd7 24.Qe5 Kh8 25.Qg5 Qf7 26.f5 Qf6 27.Qh5 Qxf5 28.Rg5 Qf6 29.Nf4 Bd7
30.Bh3 Rc8 31.Ng6+ Kg8 32.Nf4 Rc1+ 33.Bf1 Bb5 {#R} 0-1

[Event "It"]
[Site "Haifa (Israel)"]
[Round "4"]
[White "Alterman Boris (ISR)"]
[Black "Glek Igor V (GER)"]
[Result "0-1"]
[WhiteElo "2590"]
[BlackElo "2670"]

1.c4 Nf6 2.Nc3 g6 3.g3 c6 4.Bg2 d5 5.cxd5 cxd5 6.d4 Bg7 7.Nf3 O-O 8.O-O Ne4
9.Nxe4 dxe4 10.Ne5 Nd7 11.Bf4 Nf6 12.Qd2 Be6 13.Rfc1 Qb6 14.Nc4 Qa6 15.Ne3
Rfd8 16.Be5 Rd7 17.Rc7 Rxc7 18.Bxc7 Bh6 19.Be5 Nd5 20.Bxe4 Bxe3 21.fxe3 f6
22.Bf4 g5 23.Bd3 Qb6 24.e4 gxf4 25.exd5 Qxd4+ 26.e3 Qxd5 27.Rd1 Kh8 28.Qb4 Qf3
{#R} 0-1

[Event "It (cat.5)"]
[Site "Hamburg (Germany)"]
[Round "5"]
[White "Murdzia Piotr (POL)"]
[Black "Stephan Axel (GER)"]
[Result "1-0"]
[WhiteElo "2360"]
[BlackElo "2194"]

1.d4 Nf6 2.c4 g6 3.Nc3 Bg7 4.Nf3 O-O 5.g3 d5 6.Bg2 c6 7.cxd5 cxd5 8.Ne5 e6
9.O-O Nfd7 10.f4 Nc6 11.Be3 f6 12.Nd3 Nb6 13.Bf2 f5 14.Ne5 Bd7 15.e3 Qe7 16.g4
Nc8 17.gxf5 gxf5 18.Qb3 Nb6 19.Kh1 Be8 20.Bf3 Na5 21.Qc2 Kh8 22.b3 Nc8 23.Qb2
Bf6 24.Rg1 Nd6 25.Rg2 Rg8 26.Rxg8+ Kxg8 27.Rg1+ Kh8 28.Be1 Nc6 29.Bxd5 exd5
30.Nxd5 Qf8 31.Nxf6 Qxf6 32.d5 Ne4 33.Bh4 {#r} 1-0

[Event "Ch NRW (juniors) (under 20)"]
[Site "Hiddenhausen (Germany)"]
[Round "0"]
[White "Lytchak Alexander (GER)"]
[Black "Jacob Gunnar (GER)"]
[Result "1-0"]
[WhiteElo "2295"]
[BlackElo "2314"]

1.d4 Nf6 2.g3 g6 3.Bg2 Bg7 4.Nf3 O-O 5.O-O d5 6.c4 c6 7.cxd5 cxd5 8.Ne5 Ng4
9.Bf4 Nxe5 10.Bxe5 Nc6 11.Bxg7 Kxg7 12.Nc3 e6 13.Qd2 Bd7 14.h4 Qe7 15.Rfe1
Rfd8 16.h5 Qf6 17.Rad1 Be8 18.a3 a5 19.e4 dxe4 20.Nxe4 Qxd4 21.h6+ Kf8 22.Qc1
Qe5 23.Nd6 Qf6 24.Nxb7 Rxd1 25.Rxd1 Ne7 26.Qd2 a4 27.Qb4 Qg5 28.Nd6 Rd8 29.Re1
Bd7 30.Nb7 Rc8 31.Qd4 Nd5 32.Nc5 Be8 33.Nxe6+ fxe6 34.Qg7# 1-0

[Event "Ch Hungary (team) (3 liga)"]
[Site "Hungary"]
[Round "0"]
[White "Kerek Csaba (HUN)"]
[Black "Sipka Zoltan (HUN)"]
[Result "1-0"]
[WhiteElo "2190"]
[BlackElo "1908"]

1.d4 d5 2.Nf3 Nf6 3.g3 g6 4.Bg2 Bg7 5.O-O O-O 6.c4 c6 7.cxd5 cxd5 8.Nc3 Nc6
9.Bf4 a6 10.Rc1 Bf5 11.Ne5 e6 12.Nxc6 bxc6 13.Na4 Rc8 14.Be5 Nd7 15.Bxg7 Kxg7
16.Nc5 Nxc5 17.Rxc5 Qb6 18.Qd2 Rb8 19.b3 Rfc8 20.Rfc1 Qb4 21.Qf4 h6 22.h4 h5
23.Rxc6 Rxc6 24.Rxc6 Qe1+ 25.Kh2 Rf8 26.Qe3 a5 27.f3 Qb1 28.Qd2 {#r} 1-0

[Event "It (open)"]
[Site "Ljubljana (Slovenia)"]
[Round "5"]
[White "Sebenik Matej (SLO)"]
[Black "Navinsek Tomaz (SLO)"]
[Result "0-1"]
[WhiteElo "2125"]
[BlackElo "2280"]

1.d4 Nf6 2.Nf3 g6 3.g3 d5 4.Bg2 Bg7 5.O-O O-O 6.c4 c6 7.cxd5 cxd5 8.Ne5 e6
9.Nc3 Nfd7 10.f4 f6 11.Nd3 Nc6 12.e3 f5 13.Ne5 Ndxe5 14.fxe5 Rf7 15.b3 Bf8
16.Rf2 a6 17.Bb2 b5 18.Rc1 Bb7 19.Bf1 Bh6 20.Qf3 Nxe5 21.dxe5 d4 22.Qe2 Bxe3
23.Nd1 Qd5 {#R} 0-1

[Event "It (open) \"]
[Site "Miskolc (Hungary)"]
[Round "7"]
[White "Kerek Krisztian (HUN)"]
[Black "Kerek Csaba (HUN)"]
[Result "1-0"]
[WhiteElo "2305"]
[BlackElo "2190"]

1.Nf3 d5 2.g3 g6 3.Bg2 Bg7 4.O-O Nf6 5.d4 O-O 6.c4 c6 7.cxd5 cxd5 8.Nc3 Ne4
9.Qb3 Nc6 10.Rd1 Na5 11.Qb4 b6 12.Bf4 Nxc3 13.Qxc3 Bg4 14.b3 Qd7 15.Ne5 Bxe5
16.dxe5 Bxe2 17.Rxd5 Qe6 18.Rd2 Rac8 19.Qe3 Bb5 20.Bd5 Qh3 21.Bg5 Rc7 22.Rd4
Qf5 23.Bh6 Rd8 24.Rf4 Qxf4 25.Qxf4 {#r} 1-0

[Event "It (cat.2)"]
[Site "Moscow (Russia)"]
[Round "0"]
[White "Lopushnoy Denis (RUS)"]
[Black "Seoev Robert (TKM)"]
[Result "1-0"]
[WhiteElo "2295"]
[BlackElo "2221"]

1.d4 c6 2.Nf3 d5 3.c4 Nf6 4.g3 g6 5.Bg2 Bg7 6.O-O O-O 7.cxd5 cxd5 8.Ne5 e6
9.Nc3 Nfd7 10.f4 Nxe5 11.fxe5 Nc6 12.e4 dxe4 13.Be3 f5 14.exf6 Rxf6 15.Nxe4
Rxf1+ 16.Qxf1 Bxd4 17.Bxd4 Nxd4 18.Rd1 e5 19.Nc5 Bg4 20.Re1 b6 21.Ne4 Kg7
22.Ng5 Bf5 23.Bxa8 Qxa8 24.Rxe5 Qd8 25.Qc4 {#r} 1-0

[Event "Ch Netherlands (team) 1996/97"]
[Site "Netherlands"]
[Round "1"]
[White "Vogel Jaap (NED)"]
[Black "Strijbos Maarten (NED)"]
[Result "1-0"]
[WhiteElo "2295"]
[BlackElo "2318"]

1.Nf3 Nf6 2.g3 d5 3.Bg2 g6 4.c4 Bg7 5.O-O O-O 6.d4 c6 7.cxd5 cxd5 8.Ne5 b6
9.Nc3 Bb7 10.a4 Nbd7 11.Bf4 h6 12.a5 bxa5 13.Qa4 g5 14.Be3 Nxe5 15.dxe5 Nd7
16.f4 Nb6 17.Qxa5 e6 18.Bd4 Re8 19.b3 Bf8 20.Nb5 gxf4 21.gxf4 Qd7 22.Rfc1 Rec8
23.Nxa7 Rxc1+ 24.Rxc1 Nc4 25.bxc4 dxc4 26.Bf2 Bxg2 27.Kxg2 Qc6+ 28.Nxc6 {#r}
1-0

[Event "It (open) \"]
[Site "Pardubice (Czech Republic)"]
[Round "2"]
[White "Berezin Oleg (UKR)"]
[Black "Zambor Norbert (SVK)"]
[Result "1-0"]
[WhiteElo "2455"]
[BlackElo "2205"]

1.d4 d5 2.c4 c6 3.Nf3 Nf6 4.Nc3 g6 5.cxd5 cxd5 6.g3 Bg7 7.Bg2 O-O 8.Ne5 Nc6
9.Nxc6 bxc6 10.Na4 Bf5 11.O-O Qc8 12.Bf4 Bh3 13.Rc1 Bxg2 14.Kxg2 Nd7 15.b3 Re8
16.Qd2 Bxd4 17.Qxd4 e5 18.Bxe5 Rxe5 19.e3 Re4 20.Qd2 a5 21.Rc3 Nf6 22.Nb6 {#r}
1-0

[Event "It (open)"]
[Site "Sarospatak (Hungary)"]
[Round "0"]
[White "Siger Csaba (HUN)"]
[Black "Isepy Jozsef (HUN)"]
[Result "0-1"]
[WhiteElo "2127"]
[BlackElo "2176"]

1.Nf3 Nf6 2.g3 g6 3.Bg2 Bg7 4.O-O O-O 5.c4 c6 6.Nc3 d5 7.cxd5 cxd5 8.d4 Nc6
9.Ne5 e6 10.Bg5 Qb6 11.Na4 Qb5 12.Nxc6 bxc6 13.Qc2 Nd7 14.e3 e5 15.Rfc1 f6
16.dxe5 fxg5 17.Qxc6 Qxc6 18.Rxc6 Nxe5 19.Bxd5+ Kh8 20.Rc7 Rb8 21.Rxa7 Nd3
22.f4 gxf4 23.gxf4 Nxf4 {#R} 0-1

[Event "Memorial A.Petrov"]
[Site "St. Petersburg (Russia)"]
[Round "3"]
[White "Filippov Valerij (RUS)"]
[Black "Yandemirov Valeri (RUS)"]
[Result "0-1"]
[WhiteElo "2565"]
[BlackElo "2465"]

1.Nf3 Nf6 2.c4 g6 3.d4 Bg7 4.g3 c6 5.Bg2 O-O 6.Nc3 d5 7.cxd5 cxd5 8.Ne5 e6
9.O-O Nfd7 10.f4 f6 11.Nd3 Nc6 12.e3 f5 13.Ne5 Ndxe5 14.dxe5 Bd7 15.b3 Rc8
16.Qd2 Rf7 17.a4 Na5 18.Rb1 Bf8 19.Ne2 Qb6 20.Nd4 Bc5 21.Rd1 Bxd4 22.Qxd4 Qxd4
23.exd4 Nxb3 24.Rxb3 Bxa4 25.Rbd3 Rfc7 26.Be3 Bxd1 27.Rxd1 Rc2 28.Bf1 R8c3
29.Bd2 Rb3 30.Kf2 a5 31.Ke1 a4 32.Ra1 a3 33.Kd1 Rcb2 34.Be2 Rb1+ {#R} 0-1

[Event "It (open)"]
[Site "Ubeda (Spain)"]
[Round "6"]
[White "Baburin Alexander (IRL)"]
[Black "Schwarz Michael (AUT)"]
[Result "1-0"]
[WhiteElo "2545"]
[BlackElo "2395"]

1.d4 Nf6 2.c4 g6 3.Nf3 Bg7 4.g3 c6 5.Nc3 d5 6.cxd5 cxd5 7.Ne5 O-O 8.Bg2 e6
9.O-O Nc6 10.Nxc6 bxc6 11.Na4 Nd7 12.Bf4 Qa5 13.Rc1 Ba6 14.Bd6 Rfc8 15.Re1 Bf8
16.Bxf8 Kxf8 17.b3 Qb4 18.e3 c5 19.dxc5 Nxc5 20.a3 Qxe1+ 21.Qxe1 Nd3 22.Rxc8+
Rxc8 23.Qa5 {#r} 1-0